| 000 | 00907nac a22002771i 4500 | ||
|---|---|---|---|
| 003 | EG-ScBUE | ||
| 005 | 20230104103857.0 | ||
| 008 | 230104n201u xx a f 000 0 eng d | ||
| 040 |
_aEG-ScBUE _beng _erda _cEG-ScBUE _dEG-ScBUE |
||
| 050 | _aa-cc--- | ||
| 082 | 0 | 4 |
_a745.0951 _222 _bCHI |
| 245 | 0 | 0 |
_aChinese script : _bfrom oracle bones To computer bytes. |
| 264 | 1 |
_a[Place of distribution not identified] : _b[publisher not identified], _c[201-?] |
|
| 300 |
_a82 pages : _bcolor illustrations ; _c14 cm |
||
| 336 |
_2rdacontent _atext _btxt |
||
| 337 |
_2rdamedia _aunmediated _bn |
||
| 338 |
_2rdacarrier _avolume _bnc |
||
| 650 | 7 |
_aChinese Arts. _2BUEsh |
|
| 650 | 7 |
_aArts-Chinese _xHistory. _2BUEsh |
|
| 650 | 7 |
_aArt objects, Chinese. _2BUEsh |
|
| 650 | 7 |
_aSculpture, Chinese. _2BUEsh |
|
| 653 | _bART | ||
| 655 | _vReading book | ||
| 942 |
_cBB _2ddc |
||
| 999 |
_c3464 _d3464 |
||